Khālika bārī. (Record no. 63707)

MARC details
000 -LEADER
fixed length control field 00849cam a22002651 4500
001 - CONTROL NUMBER
control field sa 65004369
003 - CONTROL NUMBER IDENTIFIER
control field DLC
005 - DATE AND TIME OF LATEST TRANSACTION
control field 20260227112130.0
008 - FIXED-LENGTH DATA ELEMENTS--GENERAL INFORMATION
fixed length control field 840607s1964 ii b 000 0 hino
010 ## - LIBRARY OF CONGRESS CONTROL NUMBER
LC control number sa 65004369
025 ## - OVERSEAS ACQUISITION NUMBER
Overseas acquisition number PL480:I-H-1759
035 ## - SYSTEM CONTROL NUMBER
System control number (OCoLC)21658107
040 ## - CATALOGING SOURCE
Original cataloging agency DLC
Transcribing agency CU
Modifying agency DLC
050 00 - LIBRARY OF CONGRESS CALL NUMBER
Classification number PK2095.A63
Item number K5 1964
100 0# - MAIN ENTRY--PERSONAL NAME
Personal name Amīr Khusraw Dihlavī,
Dates associated with a name approximately 1253-1325.
245 10 - TITLE STATEMENT
Title Khālika bārī.
Statement of responsibility, etc. Sampādaka Śrīrāma Śarmā.
250 ## - EDITION STATEMENT
Edition statement [Prathama saṃskaraṇa]
260 ## - PUBLICATION, DISTRIBUTION, ETC.
Place of publication, distribution, etc. Vārāṇasī,
Name of publisher, distributor, etc. Nāgarīpracāriṇī Sabhā
Date of publication, distribution, etc. [1964]
300 ## - PHYSICAL DESCRIPTION
Extent 2, 2, 116 p.
Dimensions 22 cm.
490 1# - SERIES STATEMENT
Series statement Nāgarīpracāriṇī granthamālā ;
Volume/sequential designation 57
500 ## - GENERAL NOTE
General note Cover title: Amīra Khusaro kr̥ta Khālikabārī.
500 ## - GENERAL NOTE
General note In Hindi.
504 ## - BIBLIOGRAPHY, ETC. NOTE
Bibliography, etc. note Bibliographical footnotes.
700 1# - ADDED ENTRY--PERSONAL NAME
Personal name Sharma, Shri Ram,
Dates associated with a name 1920-

No items available.

Powered by Koha